书目信息 |
| 题名: |
网页制作三剑客精彩实战百例通
|
|
| 作者: | ;《网页制作三剑客精彩实战百例通》编委会 编 | |
| 分册: | ||
| 出版信息: | 西安 西北工业大学出版社 2004.07 |
|
| 页数: | 384页, [4] 页图版 | |
| 开本: | 26cm | |
| 丛书名: | 流行软件精彩实战百例通 | |
| 单 册: | ||
| 中图分类: | TP393.092 | |
| 科图分类: | ||
| 主题词: | 主页制作 | |
| 电子资源: | ||
| ISBN: | 7-5612-1712-9 | |
| 000 | 01108nam 2200253 450 | |
| 001 | 0166609218 | |
| 005 | 20050820023944.89 | |
| 010 | @a7-5612-1712-9@dCNY29.00 (含光盘) | |
| 100 | @a20050312d2004 km y0chiy0120 ea | |
| 101 | 0 | @achi |
| 102 | @aCN@b610000 | |
| 105 | @aaf z 000yy | |
| 200 | 1 | @a网页制作三剑客精彩实战百例通@Awang ye zhi zuo san jian ke jing cai shi zhan bai li tong@f《网页制作三剑客精彩实战百例通》编委会编@Fwang ye zhi zuo san jian ke jing cai shi zhan bai li tong bian wei hui bian |
| 210 | @a西安@c西北工业大学出版社@d2004.07 | |
| 215 | @a384页, [4] 页图版@c图@d26cm@e光盘1片 | |
| 225 | 2 | @a流行软件精彩实战百例通 |
| 307 | @a光盘 ISBN : 7-89995-582-3 | |
| 330 | @a本书将丰富的实战与相关的知识紧密结合,以通俗易懂的语言,图文并茂的方式详细讲解了Dreamweaver、Flash和Fireworks的基本操作。 | |
| 410 | 0 | @12001 @a流行软件精彩实战百例通 |
| 606 | 0 | @a主页制作 |
| 690 | @aTP393.092@v4 | |
| 711 | 0 | @a《网页制作三剑客精彩实战百例通》编委会@Awang ye zhi zuo san jian ke jing cai shi zhan bai li tong bian wei hui@4编 |
| 801 | 0 | @aCN@bQSSK@c20050820 |
| 905 | @a10447@dTP393.092@eW490 | |
| 网页制作三剑客精彩实战百例通/《网页制作三剑客精彩实战百例通》编委会编.-西安:西北工业大学出版社,2004.07 |
| 384页, [4] 页图版:图;26cm+光盘1片.-(流行软件精彩实战百例通) |
| ISBN 7-5612-1712-9:CNY29.00 (含光盘) |
| 本书将丰富的实战与相关的知识紧密结合,以通俗易懂的语言,图文并茂的方式详细讲解了Dreamweaver、Flash和Fireworks的基本操作。 |
| ● |
| 相关链接 |
|
|
|
正题名:网页制作三剑客精彩实战百例通
索取号:TP393.092/W490
 
预约/预借
| 序号 | 登录号 | 条形码 | 馆藏地/架位号 | 状态 | 备注 |
| 1 | 561942 | 205619428 | 期刊室512/301自科库 129排1列3层/ [索取号:TP393.092/W490] | 在馆 | |
| 2 | 561943 | 205619437 | 自科库301/ [索取号:TP393.092/W490] | 在馆 | |
| 3 | 561944 | 205619446 | 自科库301/301自科库 129排1列3层/ [索取号:TP393.092/W490] | 在馆 |